[Event "TH-S-1205"]
[Site "IECC email"]
[Date "2020.02.17"]
[Round "?"]
[White "Cruz, Eliecer"]
[Black "Almeida, Ruben Hector"]
[Result "1/2-1/2"]
[WhiteElo "2170"]
[BlackElo "2258"]
[PlyCount "55"]
[EventDate "2020.??.??"]
[EventType "tourn (corr)"]
[SourceTitle "Corr 2024"]
[Source "ChessBase"]
[SourceDate "2023.10.19"]
[SourceVersion "1"]
[SourceVersionDate "2023.10.19"]
[SourceQuality "1"]
[WhiteTeam "Kuba"]
[BlackTeam "Argentinien"]
[WhiteTeamCountry "CUB"]
[BlackTeamCountry "ARG"]

1. e4 e5 2. Bc4 Nf6 3. d4 exd4 4. Nf3 Nc6 5. e5 d5 6. Bb5 Ne4 7. Nxd4 Bd7 8. Bxc6 bxc6 9. 0-0 Bc5 10. f3 Ng5 11. f4 Ne4 12. Be3 Qb8 13. Nd2 Qxb2 14. Nxe4 dxe4 15. Qd2 Rd8 16. Rfb1 Qa3 17. Rb3 Qa6 18. Qc3 Be7 19. Rbb1 0-0 20. Nb3 Qa3 21. Qa5 Qxa5 22. Nxa5 Rb8 23. Nb3 a5 24. a4 h5 25. Nxa5 Rxb1+ 26. Rxb1 Ra8 27. e6 Bxe6 28. Nxc6 1/2-1/2

[Event "TH-S-1116"]
[Site "IECC email"]
[Date "2019.01.07"]
[Round "?"]
[White "Polo, Paul Caresse"]
[Black "Almeida, Ruben Hector"]
[Result "1/2-1/2"]
[WhiteElo "2078"]
[BlackElo "2254"]
[PlyCount "123"]
[EventDate "2019.??.??"]
[EventType "tourn (corr)"]
[SourceTitle "Corr 2020"]
[Source "ChessBase"]
[SourceDate "2019.09.30"]
[SourceVersion "1"]
[SourceVersionDate "2019.09.30"]
[SourceQuality "1"]
[WhiteTeam "France"]
[BlackTeam "Argentina"]
[WhiteTeamCountry "FRA"]
[BlackTeamCountry "ARG"]

1. d4 d5 2. c4 e5 3. e3 exd4 4. exd4 Nf6 5. Nc3 Bb4 6. Bd3 0-0 7. Nge2 dxc4 8. Bxc4 Nbd7 9. 0-0 Nb6 10. Bb3 Re8 11. Bg5 h6 12. Bh4 Be6 13. d5 Bg4 14. f3 Bf5 15. a4 a5 16. Ng3 Bg6 17. Rc1 Be7 18. f4 c6 19. f5 Bh7 20. Bxf6 Bxf6 21. d6 Bg5 22. Rb1 Nd7 23. Nce4 Bh4 24. Qd4 Bf6 25. Nxf6+ Qxf6 26. Rbd1 Qxd4+ 27. Rxd4 Rad8 28. Bc2 Kf8 29. b4 axb4 30. Rxb4 Nc5 31. Rc4 Re5 32. f6 Bxc2 33. fxg7+ Kxg7 34. Rxc2 f6 35. Rcf2 Rxd6 36. Nf5+ Rxf5 37. Rxf5 Nxa4 38. R5f4 b5 39. Rg4+ Kf7 40. Rh4 c5 41. Rxh6 b4 42. Rh7+ Ke6 43. Rb7 Rd4 44. Rb5 Kd5 45. g3 Kc4 46. Rb7 Kb3 47. Rf3+ Nc3 48. h4 Rd5 49. g4 Rd4 50. h5 Rxg4+ 51. Kh2 Rh4+ 52. Rh3 Rxh3+ 53. Kxh3 c4 54. Kg4 Nd5 55. Rd7 c3 56. Rxd5 Kc4 57. Rd8 b3 58. Rc8+ Kd4 59. h6 b2 60. h7 b1Q 61. h8Q Qg6+ 62. Kh3 1/2-1/2

[Event "IECC CL1-2018.03 email"]
[Site "IECC email"]
[Date "2018.12.18"]
[Round "?"]
[White "Kasznia, Ireneusz"]
[Black "Almeida, Ruben Hector"]
[Result "1/2-1/2"]
[WhiteElo "2112"]
[BlackElo "2258"]
[PlyCount "136"]
[EventDate "2018.??.??"]
[EventType "tourn (corr)"]
[EventRounds "4"]
[SourceTitle "Corr 2020"]
[Source "ChessBase"]
[SourceDate "2019.09.30"]
[SourceVersion "1"]
[SourceVersionDate "2019.09.30"]
[SourceQuality "1"]
[WhiteTeam "Poland"]
[BlackTeam "Argentina"]
[WhiteTeamCountry "POL"]
[BlackTeamCountry "ARG"]

1. Nf3 Nf6 2. g3 d5 3. Bg2 c6 4. 0-0 Bg4 5. d3 Nbd7 6. Nbd2 e5 7. h3 Bh5 8. e4 Bd6 9. exd5 cxd5 10. c4 0-0 11. cxd5 Nxd5 12. Ne4 Bc7 13. Qb3 Bxf3 14. Bxf3 Ne7 15. Qxb7 Bb6 16. Qa6 h6 17. Bg2 f5 18. Nd6 Rb8 19. b3 Bd4 20. Ba3 Bxa1 21. Rxa1 Rf6 22. Qxa7 Nc8 23. Nxc8 Rxc8 24. Qb7 Rb8 25. Qd5+ Kh8 26. Bb2 f4 27. g4 f3 28. Bf1 h5 29. Re1 hxg4 30. Re4 gxh3 31. Rh4+ Rh6 32. Rxh6+ gxh6 33. Bxh3 Qg8+ 34. Qxg8+ Rxg8+ 35. Kh2 Nf6 36. Bxe5 Kg7 37. a4 Kf7 38. a5 Rg5 39. Bc3 Nd5 40. Bd2 Rg6 41. d4 Ke7 42. b4 Kd6 43. b5 Kc7 44. Kh1 Kb8 45. Kh2 Kc7 46. Bc1 Kb8 47. Kh1 h5 48. Bf5 Rg2 49. Ba3 Rxf2 50. Bd6+ Ka7 51. Bc5+ Kb8 52. Bd6+ Ka7 53. b6+ Kb7 54. Be4 Kc6 55. b7 Kxb7 56. Bxd5+ Ka6 57. Kg1 Rd2 58. Bc7 f2+ 59. Kf1 Rxd4 60. Be6 Kb7 61. Bg3 Ra4 62. Kxf2 h4 63. Bd5+ Kc8 64. Be5 Rxa5 65. Be6+ Kb7 66. Bf6 Rh5 67. Kg2 Kc6 68. Bc8 Rh6 1/2-1/2

[Event "IECC CL1-2018.03 email"]
[Site "IECC email"]
[Date "2018.12.18"]
[Round "?"]
[White "Llorente, Jose Luis"]
[Black "Almeida, Ruben Hector"]
[Result "0-1"]
[WhiteElo "2176"]
[BlackElo "2254"]
[PlyCount "94"]
[EventDate "2018.??.??"]
[EventType "tourn (corr)"]
[EventRounds "4"]
[SourceTitle "Corr 2024"]
[Source "ChessBase"]
[SourceDate "2023.10.19"]
[SourceVersion "1"]
[SourceVersionDate "2023.10.19"]
[SourceQuality "1"]
[WhiteTeam "Spanien"]
[BlackTeam "Argentinien"]
[WhiteTeamCountry "ESP"]
[BlackTeamCountry "ARG"]

1. e4 e6 2. d4 d5 3. Nc3 Bb4 4. e5 Ne7 5. a3 Bxc3+ 6. bxc3 c5 7. Qg4 Kf8 8. Qd1 b6 9. a4 Ba6 10. Bb5 Bb7 11. a5 bxa5 12. dxc5 Nd7 13. Nf3 Nxc5 14. 0-0 Rc8 15. Qd4 Kg8 16. Bd3 a4 17. Ba3 Nxd3 18. cxd3 Bc6 19. Qxa7 Nf5 20. d4 Bb5 21. Rfb1 Ra8 22. Qc5 Be2 23. Ne1 h6 24. Rb2 Bc4 25. Rb7 Qg5 26. Qc7 Qh5 27. g3 Ba6 28. Ra7 Rxa7 29. Qxa7 Qe2 30. Ng2 g5 31. Re1 Qd3 32. Bb4 Kg7 33. h3 Re8 34. g4 Nh4 35. Nxh4 gxh4 36. Kg2 h5 37. gxh5 Rg8 38. Kh2 Qf5 39. Rg1+ Kh8 40. Rxg8+ Kxg8 41. Qxa6 Qxf2+ 42. Kh1 Qe1+ 43. Kg2 Qg3+ 44. Kf1 Qxh3+ 45. Ke1 Qg3+ 46. Kd1 h3 47. Qxa4 Qf3+ 0-1